Interactive Languages Course Business English Socializing & Small Talk (Kèm trực tiếp sách)

Αποθηκεύτηκε σε:
Λεπτομέρειες βιβλιογραφικής εγγραφής
Κύριος συγγραφέας: Cornelsen
Μορφή: Άγνωστο
Γλώσσα:English
Έκδοση: Nhân Trí Việt 2009
Θέματα:
Ετικέτες: Προσθήκη ετικέτας
Δεν υπάρχουν, Καταχωρήστε ετικέτα πρώτοι!
Thư viện lưu trữ: Mạng thư viện Đại học Đà Nẵng
LEADER 00917na a2200241 4500
001 000031365
003 6013
005 20151001093449.0
008 151001s2009 000 eng
082 |a 420.33  |b CO-R 
100 |a Cornelsen 
245 |a Interactive Languages Course Business English Socializing & Small Talk (Kèm trực tiếp sách)  |c Cornelsen 
260 |a Nhân Trí Việt  |c 2009 
650 |a Cornelsen,Nguyễn Thị Thanh Hương, 2009, Business, Socializing & Small Talk, CD 
OWN |a LNN 
AVA |a UDN50  |b LNN  |d 420.33 CO-R  |e available  |t Error 5001 Not defined in file expand_doc_bib_avail.  |f 2  |g 0  |h N  |i 0  |k 1 
999 |a From the UDN01 
AVA |a UDN50  |b LNN  |d 420.33 CO-R  |e available  |t Error 5001 Not defined in file expand_doc_bib_avail.  |f 2  |g 0  |h N  |i 0  |k 1 
TYP |a Printed language 
980 |a Mạng thư viện Đại học Đà Nẵng